00438pam a2200157 a 4500020000500000040002500005041001300030082001500043100002800058245008000086250001400166260003700180300001200217365001200229653003900241 c aMedical College Lib. aENGhENG a614.1bACL aAm. Coll. of Med. , . aLegal Medicine Legal Dynamics of Medical Encunters / chTextual Documents a2nd / b. a : bMosby Year Book , c1991. a79 ; c a4361=00 aMedical ScienceaForensic Medicine